El negocio jurídico

Tallennettuna:
Bibliografiset tiedot
Päätekijä: Albaladejo García, Manuel (Tekijä)
Aineistotyyppi: Kirja
Kieli:espanja
Julkaistu: Barcelona Bosch 1958
Aiheet:
Tagit: Lisää tagi
Ei tageja, Lisää ensimmäinen tagi!

MARC

LEADER 00000nam a2200000 a 4500
001 UCS1098
003 CL-VaPUC
008 970509e19580000SP |||||||||||||||||spa|d
082 0 4 |a 346.02  |b ALB  |2 21 
100 0 |a Albaladejo García, Manuel  |e author  |9 385178 
245 1 3 |a El negocio jurídico 
300 |a 444 p 
942 |c BK 
945 |d 19970509 00:00:00  |a cmena 
260 |a Barcelona  |b Bosch  |c 1958 
650 0 |a Actos jurídicos  |9 255748 
650 0 |a Negocio jurídico  |9 258242 
650 0 |a Código civil  |9 256135 
650 0 |a Derecho civil  |9 255013 
650 0 |a Derecho privado  |9 258243 
650 0 |a Derecho comparado  |9 255664 
650 0 |a Voluntad  |9 307812 
650 7 |a DOLO  |2 CL-VaPUC  |9 385179 
651 0 |a España  |9 254926 
583 |a last modification  |c 19970509 00:00:00  |k Rodrigo Vera 
999 |c 259203  |d 259201 
952 |0 0  |1 0  |4 0  |6 346_020000000000000_ALB_1958  |7 0  |8 P  |9 283825  |a BIBDER  |b BIBDER  |d 2019-11-19  |i 1842986  |o 346.02 ALB 1958  |p 1842986  |r 2023-01-25  |w 2019-11-19  |y BK  |k DER